Province Quiz - Free State - Statistics

General Stats
  • This quiz has been taken 6 times
  • The average score is 18 of 20
Answer Stats
Hint Answer % Correct
Capital city Bloemfontein
100%
Group of Dutch-speaking farmers who founded Free State Boers
100%
Bordering provinces Eastern Cape
100%
Bordering provinces Gauteng
100%
Bordering provinces KwaZulu-Natal
100%
Foreign country to the southeast Lesotho
100%
Bordering provinces Northern Cape
100%
Bordering provinces North West
100%
Feline on the coat of arms Cheetah
83%
Most famous author born in Free State J.R.R. Tolkien
83%
The above is also the _______ capital of South Africa Judicial
83%
Bordering provinces Mpumalanga
83%
Former name of the province {Orange} Free State
83%
Chemical company from Sasolburg Sasol
83%
Most common language Sotho
83%
Meteor crater that is now a huge dome Vredefort
83%
Second-largest urban area (hint: welcome) Welkom
83%
Mountain range to the east Drakensberg
67%
National park in Free State (hint: California landmark) {Golden} {Gate} Highlands
67%
Main language of Phumelela in the east Zulu
67%
No matching quizzes found
Score Distribution
Percent of People with Each Score
Percentile by Number Answered
Your Score History
You have not taken this quiz